"SECRETARIAL PRACTICE: UNDER THE COMPANIES ACT,1956 AS AMENDED TO DATE" (Record no. 477471)

MARC details
000 -LEADER
fixed length control field 00849nam a2200229Ia 4500
008 - FIXED-LENGTH DATA ELEMENTS--GENERAL INFORMATION
fixed length control field 100315s9999 xx 000 0 und d
020 ## - INTERNATIONAL STANDARD BOOK NUMBER
International Standard Book Number 0-7069-6516-7 
082 ## - DEWEY DECIMAL CLASSIFICATION NUMBER
Item number 2736 
Classification number 651.3741 
100 ## - MAIN ENTRY--PERSONAL NAME
Personal name "KUCHHAL, M. C. "
245 ## - TITLE STATEMENT
Title "SECRETARIAL PRACTICE: UNDER THE COMPANIES ACT,1956 AS AMENDED TO DATE"
250 ## - EDITION STATEMENT
Edition statement 13th 
260 ## - PUBLICATION, DISTRIBUTION, ETC. (IMPRINT)
Place of publication, distribution, etc New Delhi 
Name of publisher, distributor, etc Vikas  
Date of publication, distribution, etc 1992 
300 ## - PHYSICAL DESCRIPTION
Extent "XXIV,634p.  "
365 ## - TRADE PRICE
Price note Rupees 
Unit of pricing
Price amount 95.00 
366 ## - TRADE AVAILABILITY INFORMATION
Publishers' discount category
505 ## - FORMATTED CONTENTS NOTE
Miscellaneous information Tushar Jadhav 
530 ## - ADDITIONAL PHYSICAL FORM AVAILABLE NOTE
Availability source -  
620 ## -
-- "The Company Secretary, The Companies Act & Its Administration,The Company : Its Nature & Kinds, Shares & Shares Capital "
630 ## - SUBJECT ADDED ENTRY--UNIFORM TITLE
Uniform title "SECRETARIAL PRACTICE: UNDER THE COMPANIES ACT,1956 AS AMENDED TO DATE"
730 ## - ADDED ENTRY--UNIFORM TITLE
Uniform title "SECRETARIAL PRACTICE: UNDER THE COMPANIES ACT,1956 AS AMENDED TO DATE"
942 ## - ADDED ENTRY ELEMENTS (KOHA)
Koha item type Book
Holdings
Withdrawn status Lost status Damaged status Not for loan Home library Current library Date acquired Cost, normal purchase price Total Checkouts Full call number Barcode Date last seen Price effective from Koha item type
        Dr. V. N. Bedekar Institute of Management Studies Library Dr. V. N. Bedekar Institute of Management Studies Library 01/10/2006 95.00   651.3741 /KUC  2736  VPMBRIMS-2736  03/19/2010 03/19/2010 Book